| Tag |
First Indicator |
Second Indicator |
Subfields |
| LEADER |
00000cam a22000008a 4500 |
| 001 |
in00000031986 |
| 005 |
20151007055010.0 |
| 008 |
860917s1988 cauaf b s00100 eng |
| 010 |
|
|
|a 86024944
|
| 020 |
|
|
|a 0520057252 (alk. paper)
|
| 020 |
|
|
|a 0520057244 (pbk. : alk. paper)
|
| 035 |
|
|
|a (OCoLC)14359074
|
| 035 |
|
|
|9 AAB6944AM
|
| 040 |
|
|
|a DLC
|c DLC
|d TXA
|d UtOrBLW
|
| 049 |
|
|
|a TXAM
|c [A10936747]
|
| 050 |
0 |
0 |
|a PN1995.9.D6
|b N377 1987
|
| 050 |
|
4 |
|a PN1995.9.D6
|b N377 1988
|
| 082 |
0 |
|
|a 791.43/53
|2 19
|
| 245 |
0 |
0 |
|a New challenges for documentary /
|c edited by Alan Rosenthal.
|
| 263 |
|
|
|a 8710
|
| 264 |
|
1 |
|a Berkeley :
|b University of California Press,
|c 1988.
|
| 300 |
|
|
|a xvii, 615 pages, 8 unnumbered pages of plates :
|b illustrations
|
| 336 |
|
|
|a text
|b txt
|2 rdacontent
|
| 337 |
|
|
|a unmediated
|b n
|2 rdamedia
|
| 338 |
|
|
|a volume
|b nc
|2 rdacarrier
|
| 504 |
|
|
|a Includes bibliographies and index.
|
| 650 |
|
0 |
|a Documentary films
|x History and criticism.
|
| 650 |
|
0 |
|a Documentary television programs.
|
| 700 |
1 |
|
|a Rosenthal, Alan,
|d 1936-
|
| 999 |
|
|
|a MARS
|
| 999 |
f |
f |
|s 2c670bf2-48f7-3ef8-b191-0c8a01e6c736
|i 8848eb1d-d736-302a-9b9d-69f43d28c08f
|t 0
|
| 952 |
f |
f |
|p normal
|a Texas A&M University
|b College Station
|c Sterling C. Evans Library
|d Evans: Library Stacks
|t 0
|e PN1995.9.D6 N377 1988
|h Library of Congress classification
|i unmediated -- volume
|m A14810936747
|
| 998 |
f |
f |
|a PN1995.9.D6 N377 1988
|t 0
|l Evans: Library Stacks
|